01679nam a22001937a 4500008004100000020001800041050001500059100004600074245012400120260009300244300002600337490002500363500008800388504003300476505088000509650002701389650003201416650003701448190309b ||||| |||| 00| 0 spa d a978607401050304aK3224bF8410aFuentes Navarro, Daniel Eugenioe , autor10aDerecho internacionalb : nacionalidad y protección de la persona en el extranjeroc / Daniel Eugenio Fuentes Navarro aMéxicob : H. Cámara de Diputados, LX legislaturab Miguel Ángel Porrúac , 2008 a440 páginasc23 cm. aConocer para decidir aIncluye: Prólogo Abreviaturas Consideraciones introductorias Conclusiones finales aBibliografía (pp. 399-436) aLa nacionalidad de la persona para el derecho estatal La persona y la personalidad en el derecho privado Un importante atributo jurídico de la personalidad en particular: la nacionalidad de las personas La protección de la persona en el extranjero por el estado de nacionalidad Caracterización, evolución y delimitación de la protección de la persona, la protección diplomática La nacionalidad del individuo. El derecho para el acceso a la reclamación internacional El agotamiento de los recursos internos. Requisito previo para el ejercicio de la protección diplomática Defensa y protección jurídica internacional. Intereses estatales y de los mexicanos en el extranjero La protección diplomática. medio jurídico de defensa de los intereses mexicanos Clavo y el caso mexicano. Teoría para protección de los nacionales e interese estatales 0aCIUDADANÍAzMÉXICO 0aDERECHOS HUMANOS zMÉXICO 0aDERECHO INTERNACIONAL zMÉXICO